000 00289nam a2200121Ia 4500
100 _aKarandikar/ R.G
942 _cBK
654 _aelectronic
245 _aElectronic Circuits Analysis and Design-1with Practicals
260 _bNandu
_aNew york
_c2003
300 _a406
546 _aENGLISH
999 _c30164
_d30164